| 000 | 00905nam a22002897a 4500 | ||
|---|---|---|---|
| 003 | CHAP | ||
| 005 | 20220329140532.0 | ||
| 008 | 971013s1977 r 00010 d | ||
| 010 | _a53514 | ||
| 011 | _a54486 | ||
| 035 | _a58637 | ||
| 040 | _cCHAP | ||
| 090 | _aFolleto 10202 | ||
| 100 | 0 | 0 |
_aWerge, Robert W. _9121490 |
| 245 | _aSistemas de almacenamiento de la papa en la región del Valle del Mantaro (Perú) | ||
| 260 |
_aLima : _bCentro Internacional de la Papa, _c1977 |
||
| 300 |
_a45 p. _b: ilus. |
||
| 590 |
_aBATCH-UPD _b10 _c20130110 _lUCH01 _h0750 |
||
| 590 |
_aBATCH-UPD _b10 _c20130410 _lUCH01 _h0430 |
||
| 590 |
_aBATCH-UPD _b10 _c20130914 _lUCH01 _h1858 |
||
| 590 |
_aCONVERSION _b10 _c20130109 _lUCH01 _h1329 |
||
| 650 | 1 | 4 |
_aPapa _xAlmacenamiento. _985167 |
| 650 | 1 | 4 |
_aPapa _xPerú. _985269 |
| 901 | _aBK | ||
| 942 | _cFOLL | ||
| 949 |
_aFolleto 10202 _bBC _cFOLL _d-127202 _eTS1 _i58637 _mD _si |
||
| 999 |
_c53514 _d53514 |
||